Historia apostolica ex antiquis monumentis collecta / (Record no. 164700)

MARC details
000 -LEADER
campo de control de longitud fija 00733nam a2200217 i 4500
001 - NÚMERO DE CONTROL
campo de control 164700
003 - IDENTIFICADOR DE NÚMERO DE CONTROL
campo de control ES-MaACL
005 - FECHA Y HORA DE LA ÚLTIMA TRANSACCIÓN
campo de control 20250717103727.0
008 - DATOS DE LONGITUD FIJA--INFORMACIÓN GENERAL
campo de control de longitud fija 960311s1765 it |||| | lat d
040 ## - FUENTE DE CATALOGACIÓN
Centro catalogador/agencia de origen CAM
Lengua de catalogación spa
Centro/agencia transcriptor CAM
100 1# - ENTRADA PRINCIPAL--NOMBRE DE PERSONA
Nombre de persona Sandini, Antonio.
9 (RLIN) 132406
245 10 - MENCIÓN DEL TÍTULO
Título Historia apostolica ex antiquis monumentis collecta /
Mención de responsabilidad, etc. opera et studio Antonii Sandini...
250 ## - MENCION DE EDICION
Mención de edición Editio quarta italica...
260 ## - PUBLICACIÓN, DISTRIBUCIÓN, ETC.
Lugar de publicación, distribución, etc. Patavii :
Nombre del editor, distribuidor, etc. typis Seminarii, apud Joannem Manfré,
Fecha de publicación, distribución, etc. 1765.
300 ## - DESCRIPCIÓN FÍSICA
Extensión [20], 370 p. ;
Dimensiones 8º.
596 ## - NOTA AL PIE DE IMPRENTA
NOTA AL PIE DE IMPRENTA Marca tip. en port.
597 ## - NOTA DE DESCRIPCIÓN FÍSICA
NOTA DE DESCRIPCIÓN FÍSICA Sign.: a10, A-Y8, Z9.
650 07 - PUNTO DE ACCESO ADICIONAL DE MATERIA--TÉRMINO DE MATERIA
Término de materia o nombre geográfico como elemento de entrada Historia sagrada
Fuente del encabezamiento o término embne
9 (RLIN) 13427
852 ## - LOCALIZACIÓN
Ubicación ES-MaACL
Número de control de estantería R-456
Nota libre -- Enc. perg.
Encuadernación -- Olim: D-435
Holdings
Estatus retirado Estado de pérdida Estado de daño No para préstamo Colección Biblioteca de origen Biblioteca actual Ubicación en estantería Fecha de adquisición Fuente de adquisición Total de préstamos Signatura topográfica completa Código de barras Visto por última vez Precio de reemplazo Tipo de ítem Koha
        Libros del s. XVIII Biblioteca del Ateneo de Madrid Biblioteca del Ateneo de Madrid Depósito 17/01/2008     R-456 1172648 23/02/2023 23/02/2023 Libro impreso antiguo